Thiết kế bài giảng tiếng Việt 2 T.2

Gespeichert in:
Bibliographische Detailangaben
1. Verfasser: Nguyễn, Trại
Weitere Verfasser: Lê, Thu Huyền
Format: Buch
Sprache:Undetermined
Veröffentlicht: H. Hà Nội 2003
Schlagworte:
Online Zugang:http://lrc.tdmu.edu.vn/opac/search/detail.asp?aID=2&ID=4437
Tags: Tag hinzufügen
Keine Tags, Fügen Sie den ersten Tag hinzu!
Thư viện lưu trữ: Trung tâm Học liệu Trường Đại học Thủ Dầu Một
LEADER 00688nam a2200217Ia 4500
001 TDMU_4437
008 210410s9999 xx 000 0 und d
082 |a 495.922072 
090 |b NG525 
100 |a Nguyễn, Trại 
245 0 |a Thiết kế bài giảng tiếng Việt 2 
245 0 |c Nguyễn Trại 
245 0 |n T.2 
260 |a H. 
260 |b Hà Nội 
260 |c 2003 
300 |a 446tr 
650 |a Tiếng Việt  |x Giảng dạy và học tập; Sách lớp 2 
700 |a Lê, Thu Huyền 
856 |u http://lrc.tdmu.edu.vn/opac/search/detail.asp?aID=2&ID=4437 
980 |a Trung tâm Học liệu Trường Đại học Thủ Dầu Một